El Estado federal en teora̕ y prc̀tica El caso espaǫl como proceso federal /

Bibliographic Details
Main Author: Suelt Cock, Vanessa
Format: eBook
Language:Spanish
Published: Bogot:̀ Pontificia Universidad Javeriana, 2018
Subjects:
Online Access:Acceso restringido

MARC

LEADER 00000nam a22000007a 4500
005 20201211103522.0
007 cr|||| ||||
008 201211s2018 co |||||s|||| 00||0 spa d
020 |a 978-958-781-198-8 
035 |a 32251 
040 |a vLex 
090 |c 10936  |d 10936 
100 1 |a Suelt Cock, Vanessa 
245 1 2 |a El Estado federal en teora̕ y prc̀tica  |h [Recurso electrn̤ico] :  |b El caso espaǫl como proceso federal /  |c Vanessa Suelt Cock 
256 |a Servicio en ln̕ea 
260 |a Bogot:̀  |b Pontificia Universidad Javeriana,  |c 2018 
300 |a 1 recurso electrn̤ico 
500 |a El Estado federal en teora̕ y prc̀tica estudia el proceso federal espaǫl, a partir de una mirada a la evolucin̤ del federalismo moderno, las construcciones ter̤icas y los modelos anglosajn̤ y alemǹ. Vanessa Suelt Cock reflexiona sobre un diseǫ territorial que considera la asimetra̕ como un factor clave para aumentar la autonoma̕ regional y local, con el fin de que se haga una adecuada gestin̤ de los intereses territoriales, que pasan por desarrollos econm̤icos alternos a los nacionales, y de que se reconozca la diversidad histr̤ica, cultural y geogrf̀ica de las poblaciones. Este libro sobre el Estado federal es de gran relevancia para los debates y los desarrollos normativos sobre la implementacin̤ del acuerdo de paz en Colombia, especialmente en lo que respecta a la denominada paz territorial. Esto porque revisar la divisin̤ del poder, para establecer un diseǫ territorial en el que haya una relacin̤ ms̀ horizontal entre el nivel central y los territorios, es parte de la tendencia contemporǹea de configuracin̤ federal, en la que el nivel intermedio y los municipios cuentan con amplia autonoma̕ para la gestin̤ de sus intereses. 
506 1 |a Disponible solo en los productos indicados  |d vLex Global  |d vLex Global (Academic Edition, excluding Law Schools)  |d vLex Global (U.S. Academic Edition, Law Schools)  |d vLex Global (U.S. Academic Edition, excluding Law Schools)  |d vLex Global (Academic Edition, Law Schools) 
650 0 4 |a Comunidades Autn̤omas y Estatutos de Autonoma̕  |z Colombia 
740 0 |a vLex Libros (Servicio en ln̕ea) 
856 4 0 |u http://vlex.com/source/estado-federal-en-teoria-y-practica-el-caso-espa-ol-como-proceso-federal-32251  |z Acceso restringido 
942 |c BOOK 
999 0 |a Autonomous Communities and Statutes of Autonomy